<?xml version="1.0" encoding="UTF-8"?>
<record
    xmlns:xsi="http://www.w3.org/2001/XMLSchema-instance"
    xsi:schemaLocation="http://www.loc.gov/MARC21/slim http://www.loc.gov/standards/marcxml/schema/MARC21slim.xsd"
    xmlns="http://www.loc.gov/MARC21/slim">

  <leader>00518cam7a220018100 4500</leader>
  <controlfield tag="001">qce01127837</controlfield>
  <controlfield tag="005">20190822124459.0</controlfield>
  <controlfield tag="008">760128s1962    enk           000 0 eng d</controlfield>
  <datafield tag="035" ind1=" " ind2=" ">
    <subfield code="a">(Sirsi) r9799</subfield>
  </datafield>
  <datafield tag="035" ind1=" " ind2=" ">
    <subfield code="a">(QCAT)lss01152648</subfield>
  </datafield>
  <datafield tag="035" ind1=" " ind2=" ">
    <subfield code="a">(UPRA)qce01127837</subfield>
  </datafield>
  <datafield tag="040" ind1=" " ind2=" ">
    <subfield code="d">UPRA</subfield>
  </datafield>
  <datafield tag="100" ind1="1" ind2=" ">
    <subfield code="a">Figueroa, John J.</subfield>
    <subfield code="6">A63122.1</subfield>
  </datafield>
  <datafield tag="245" ind1="1" ind2="0">
    <subfield code="a">Love leaps here /</subfield>
    <subfield code="c">by John Figueroa.</subfield>
  </datafield>
  <datafield tag="260" ind1=" " ind2=" ">
    <subfield code="a">[Liverpool :</subfield>
    <subfield code="b">Printed by C. Tinling,</subfield>
    <subfield code="c">1962]</subfield>
  </datafield>
  <datafield tag="949" ind1=" " ind2=" ">
    <subfield code="a">PR9265.9.F5</subfield>
    <subfield code="w">lcc</subfield>
    <subfield code="i">-1311</subfield>
    <subfield code="m">MAIN</subfield>
    <subfield code="t">BOOK</subfield>
    <subfield code="l">ON-SHELF</subfield>
  </datafield>
  <controlfield tag="004">9799</controlfield>
  <datafield tag="999" ind1=" " ind2=" ">
    <subfield code="c">136838</subfield>
    <subfield code="d">136838</subfield>
  </datafield>
</record>
